MARC details
| 000 -CABECERA |
| campo de control de longitud fija |
01885cab a2200289 ab4500 |
| 005 - FECHA Y HORA DE LA ÚLTIMA TRANSACCIÓN |
| campo de control |
20241129114559.0 |
| 008 - ELEMENTOS DE LONGITUD FIJA--INFORMACIÓN GENERAL |
| campo de control de longitud fija |
991125c2016 mx tr p o 000 0 spa d |
| 035 ## - NÚMERO DE CONTROL DEL SISTEMA |
| Número de control de sistema |
UPN01000229363 |
| 040 ## - FUENTE DE LA CATALOGACIÓN |
| Centro catalogador/agencia de origen |
MX-MxUPN |
| Lengua de catalogación |
spa |
| Centro/agencia transcriptor |
MX-MxUPN |
| Normas de descripción |
aacr2 |
| 049 ## - COLECCIÓN |
| Colección |
ART-E |
| 100 1# - ASIENTO PRINCIPAL--NOMBRE PERSONAL |
| Nombre de persona |
Coronado García, Manuel Arturo |
| Enlace |
- manucor3ro@hotmail.com |
| 100 1# - ASIENTO PRINCIPAL--NOMBRE PERSONAL |
| Nombre de persona |
Estévez Nenninger, Etty Haydeé |
| 245 10 - MENCIÓN DE TÍTULO |
| Título |
Pertinencia social de una universidad pública en México, desde la visión de estudiantes, empleadores y docentes |
| 506 0# - NOTA DE RESTRICCIONES AL ACCESO |
| Limitaciones de acceso |
Acceso abierto |
| 520 3# - NOTA DE RESUMEN, ETC. |
| Sumario, etc. |
Se analiza la pertinencia social de una universidad pública del estado de Sonora, noroeste de México, desde la percepción de estudiantes, empleadores y académicos. Se aplicó un cuestionario sobre funciones universitarias (De la Orden, 2007) y otro sobre importancia y realización de competencias genéricas del proyecto Tuning (Beneitone, et al., 2007) en la Universidad de la Sierra, México. La función que más ha cumplido esta universidad es “Preparación para el mundo profesional” y la que menos es “Compromiso social”. Las competencias genéricas son altamente valoradas por los actores, sin embargo, no todas alcanzan a desarrollarse durante la formación universitaria, como la comunicación en un segundo idioma y la habilidad para trabajar en contextos internacionales. RIES |
| 653 0# - TERMINO DE INDIZACION - NO CONTROLADO |
| Término no controlado |
Función social de la educación |
| 653 0# - TERMINO DE INDIZACION - NO CONTROLADO |
| Término no controlado |
Universidades públicas |
| 653 0# - TERMINO DE INDIZACION - NO CONTROLADO |
| Término no controlado |
Competencias |
| 653 0# - TERMINO DE INDIZACION - NO CONTROLADO |
| Término no controlado |
Pertinencia de la educación |
| 653 0# - TERMINO DE INDIZACION - NO CONTROLADO |
| Término no controlado |
Percepción social |
| 773 ## - ENLACE AL DOCUMENTO FUENTE/ENTRADA DE REGISTRO ANFITRIÓN |
| Parte(s) relacionada(s) |
Vol. 7, no. 20 (2016), p. 172-188 |
| Título |
Revista iberoamericana de educación superior |
| Número Internacional Normalizado para Publicaciones Seriadas |
2007-2872 |
| 856 4# - LOCALIZACIÓN Y ACCESO ELECTRÓNICOS |
| Identificador Uniforme del Recurso |
<a href="https://www.ries.universia.unam.mx/index.php/ries/article/view/206">https://www.ries.universia.unam.mx/index.php/ries/article/view/206</a> |
| 856 4# - LOCALIZACIÓN Y ACCESO ELECTRÓNICOS |
| Identificador Uniforme del Recurso |
<a href=" https://doi.org/10.22201/iisue.20072872e.2016.20.206"> https://doi.org/10.22201/iisue.20072872e.2016.20.206</a> |
| 902 ## - ELEMENTOS DE DATOS B LOCAL, LDB (RLIN) |
| Creó |
Leonor Sotres/291124 |
| 905 ## - TIPO DE MATERIAL |
| Tipo de material |
Articulo |
| 942 ## - ELEMENTOS DE PUNTO DE ACCESO ADICIONAL (KOHA) |
| Tipo de ítem Koha |
Artículo Electrónico |